banner-ar

الدراسة الحديثة للكمان العربى / (Record no. 44077)

MARC details
000 -الفاتح
حقل البيانات ثابتة الطول 00528nam a2200181Ia 4500
008 - عناصر البيانات ثابتة الطول - معلومات عامة
حقل البيانات ثابتة الطول 140319s9999 xx 000 0 ara d
040 ## - مصدر الفهرسة
وكالة الفهرسة الأصلية GCL /
وكالة النسخ GCL
082 04 - رقم تصنيف ديوى العشرى
رقم التصنيف 787.1
رقم المادة ى د
100 1# - المدخل الرئيسى - إسم شخصى
الإسم الشخصى يسرى قطر
245 10 - بيان العنوان
العنوان الدراسة الحديثة للكمان العربى /
بيان المسئوليه,etc يسرى قطر
490 ## - بيان السلسلة
عنوان السلسلة 100 قصة
رقم المجلد/ التعيين التسلسلي 0
650 04 - المدخل الاضافى بالموضوع-مصطلح موضوعى
مصطلح موضوعي الموسيقى
650 04 - المدخل الاضافى بالموضوع-مصطلح موضوعى
مصطلح موضوعي الالات الموسيقية الوترية
650 04 - المدخل الاضافى بالموضوع-مصطلح موضوعى
مصطلح موضوعي الكمان
650 04 - المدخل الاضافى بالموضوع-مصطلح موضوعى
مصطلح موضوعي الالات الوترية
942 ## - عناصر المدخل الإضافي( كوها)
مصدر التصنيف او مخطط الترفيف Dewey Decimal Classification
Koha [default] item type كتاب
Holdings
حالة التراجع حالة الفقد حالة تلف ليس للاعارة المكان المؤقت الموقع الحالى تاريخ الاكتساب اجمالي اﻻعارات رقم الطلب الباركود تاريخ اخر مشاهدة تاريخ تفعيل السعر نوع وعاء كوها مصدر التصنيف او خطة الترفيف موقع الترفيف
        مكتبة القاهرة الكبرى مكتبة القاهرة الكبرى 03/26/2014   787.1\ى د 106953 03/26/2014 03/26/2014 كتاب    
        مكتبة القاهرة الكبرى مكتبة القاهرة الكبرى 03/26/2014   787.1\ى د 106954 03/26/2014 03/26/2014 كتاب    
        مكتبة القاهرة الكبرى مكتبة القاهرة الكبرى 03/26/2014   787.1\ى د 106955 03/26/2014 03/26/2014 كتاب    
        مكتبة القاهرة الكبرى مكتبة القاهرة الكبرى 03/26/2014   787.1\ى د 106956 03/26/2014 03/26/2014 كتاب    
        مكتبة القاهرة الكبرى مكتبة القاهرة الكبرى 05/16/2019   787.1 / ى د 165918 05/16/2019 05/16/2019 كتاب ddc  
        مكتبة القاهرة الكبرى مكتبة القاهرة الكبرى 05/16/2019   787.1 / ى د 165919 05/16/2019 05/16/2019 كتاب ddc  
        مكتبة القاهرة الكبرى مكتبة القاهرة الكبرى 05/16/2019   787.1 / ى د 165920 05/16/2019 05/16/2019 كتاب ddc  
        مكتبة القاهرة الكبرى مكتبة القاهرة الكبرى 05/16/2019   787.1 / ى د 165921 05/16/2019 05/16/2019 كتاب ddc  
        مكتبة القاهرة الكبرى مكتبة القاهرة الكبرى 05/16/2019   787.1 / ى د 165922 05/16/2019 05/16/2019 كتاب ddc  
        مكتبة القاهرة الكبرى مكتبة القاهرة الكبرى 05/16/2019   787.1 / ى د 165923 05/16/2019 05/16/2019 كتاب ddc  
        مكتبة القاهرة الكبرى مكتبة القاهرة الكبرى 10/20/2019   787.1\ى د 166665 10/20/2019 10/20/2019 كتاب ddc  
        مكتبة القاهرة الكبرى مكتبة القاهرة الكبرى 10/20/2019   787.1\ى د 166666 10/20/2019 10/20/2019 كتاب ddc  
        مكتبة القاهرة الكبرى مكتبة القاهرة الكبرى 10/20/2019   787.1\ى د 166667 10/20/2019 10/20/2019 كتاب ddc  

Powered By

EGPV